LEADER 01297nam a2200289 i 4500 001 000000039518 003 CaOOAMICUS 005 20080822000000.0 008 080822s1992 it u000 u ita u 013 $a10255 020 $a8824607071 040 $aSeMil$bita 100 1 $aVaiarelli, Giacomo.$0(OLS)http://semarc/name/19186 245 13$aIl potere in discussione :$blineamenti di filosofia della politica /$cGiacomo Vaiarelli, Enrico Guarneri, Pier Paolo Portinaro. 260 $aPalermo :$bEdizioni Augustinus,$c1992. 300 $a229 p. ;$c20 cm. 490 0 $aFilosofia per problemi ;$v7 650 4$aFilosofia politica.$0(OLS)http://semarc/subject/358 700 1 $aPortinaro, Pier Paolo <1953- >.$0(OLS)http://semarc/name/18182 700 1 $aGuarneri, Enrico.$0(OLS)http://semarc/name/16056 830 0$aFilosofia per problemi ;$v7.$0(OLS)http://semarc/title/26272 850 $aSeMil 852 $aSeMil$W1$xVenegono$y1$m2P II 429$j5673$B5673$CSeMilBibl$Z2$F5673 $81 961 $aOmaggio: Scuola Cattolica 996 $6020$a8824607071$9(OLS)http://semarc/number/9226 996 $6245$aIl potere in discussione :$blineamenti di filosofia della politica$9(OLS)http://semarc/title/56320 996 $6260$aPalermo :$bEdizioni Augustinus$9(OLS)http://semarc/publisher/29665 LEADER 00957nam a2200229 i 4500 001 000000064719 003 CaOOAMICUS 005 20131010000000.0 008 131010s1955 xx u000 u fre u 013 $a35891 040 $aSeMil$bita 100 1 $aSteinmann, Jean,$d<1911-1963>.$0(OLS)http://semarc/name/23167 245 13$aLe Livre de Job /$cJean Steinmann. 260 $aParis :$bLes Éditions du Cerf,$c1955. 300 $a389 p., [1] p. di tav. ;$c23 cm. 490 0 $aLectio Divin [Cerf] ;$v16 650 4$aBibbia. Antico Testamento. Giobbe - Commentari, studi, critica, interpretazioni.$0(OLS)http://semarc/subject/182 830 0$aLectio divina ;$v16.$0(OLS)http://semarc/title/8 850 $aSeMil 852 $aSeMil$W1$xVenegono$y1$m2WA K 16$j30872$B30872$CSeMilBibl$Z2$F30875 $81 996 $6245$aLe Livre de Job$9(OLS)http://semarc/title/180541 996 $6260$aParis :$bLes Éditions du Cerf$9(OLS)http://semarc/publisher/29611